Gaming Quiz

Random Gaming or Pokémon Quiz
Score 0/125 Timer 10:00
0 Plays Today
Type Pokemon % Correct
WATERSQUIRTLE
95.9%
WATERWARTORTLE
95.9%
WATERMUDKIP
95.9%
WATERBLASTOISE
94.6%
WATERTOTODILE
94.6%
WATERFROAKIE
93.2%
WATERMAGIKARP
91.9%
WATERPIPLUP
91.9%
WATER/FLYINGGYARADOS
91.9%
WATER/GROUNDSWAMPERT
91.9%
WATERCROCONAW
89.2%
WATERSEEL
89.2%
WATERSTARYU
89.2%
WATERPRINPLUP
89.2%
WATER/PSYCHICSTARMIE
89.2%
WATER/STEELEMPOLEON
89.2%
WATER/DARKGRENINJA
88.1%
WATERFERALIGATR
87.8%
WATERSUICUNE
87.8%
WATER/ICEDEWGONG
87.8%
WATER/GROUNDMARSHTOMP
87.8%
ICE/WATERSEALEO
87.8%
WATERGOLDEEN
86.5%
WATERDEWOTT
86.5%
WATERSAMUROTT
86.5%
WATER/FLYINGWINGULL
86.5%
WATER/FLYINGPELIPPER
86.5%
ROCK/WATERKABUTO
86.5%
ROCK/WATERKABUTOPS
86.5%
WATERFROGADIER
86.4%
WATERSEAKING
85.1%
WATERWAILORD
85.1%
WATEROSHAWOTT
85.1%
ICE/WATERSPHEAL
85.1%
ICE/WATERWALREIN
85.1%
WATERSHELLDER
83.8%
WATERGOREBYSS
83.8%
WATER/PSYCHICSLOWBRO
83.8%
WATER/ICECLOYSTER
83.8%
WATER/ELECTRICLANTURN
83.8%
WATER/GRASSLOMBRE
83.8%
WATER/GRASSLUDICOLO
83.8%
Type Pokemon % Correct
WATER/DARKSHARPEDO
83.8%
WATER/GROUNDWHISCASH
83.8%
WATER/ROCKRELICANTH
83.8%
WATERPOLIWAG
82.4%
WATERPOLIWHIRL
82.4%
WATERKINGLER
82.4%
WATERSEADRA
82.4%
WATERWAILMER
82.4%
WATERMILOTIC
82.4%
WATERCLAMPERL
82.4%
WATERHUNTAIL
82.4%
WATER/PSYCHICSLOWPOKE
82.4%
WATER/POISONTENTACOOL
82.4%
WATER/POISONTENTACRUEL
82.4%
WATER/ICELAPRAS
82.4%
WATER/ELECTRICCHINCHOU
82.4%
WATER/PSYCHICSLOWKING
82.4%
WATER/GRASSLOTAD
82.4%
WATER/GHOSTFRILLISH
82.4%
WATER/GHOSTJELLICENT
82.4%
WATERCLAUNCHER
81.4%
WATERGOLDUCK
81.1%
WATERKRABBY
81.1%
WATERHORSEA
81.1%
WATERFEEBAS
81.1%
WATER/FIGHTINGPOLIWRATH
81.1%
WATER/DARKCARVANHA
81.1%
ROCK/WATEROMANYTE
81.1%
ROCK/WATEROMASTAR
81.1%
WATERPSYDUCK
79.7%
WATERVAPOREON
79.7%
WATERPOLITOED
79.7%
WATERCORPHISH
79.7%
WATER/ROCKCORSOLA
79.7%
WATER/FLYINGMANTINE
79.7%
WATER/DARKCRAWDAUNT
79.7%
WATER/FLYINGMANTYKE
79.7%
WATER/GROUNDPALPITOAD
79.7%
WATERREMORAID
78.4%
WATERLUVDISC
78.4%
WATER/GROUNDWOOPER
78.4%
WATER/GROUNDQUAGSIRE
78.4%
Type Pokemon % Correct
WATER/GROUNDBARBOACH
78.4%
WATER/GROUNDSEISMITOAD
78.4%
BUG/WATERSURSKIT
78.4%
WATERCLAWITZER
78%
WATER/DARKMEGA GYARADOS
78%
WATEROCTILLERY
77%
WATER/DRAGONPALKIA
77%
WATER/FAIRYMARILL
75.7%
WATERKYOGRE
75.7%
WATERSHELLOS
75.7%
WATERSHELLOS
75.7%
WATERTYMPOLE
75.7%
WATER/DRAGONKINGDRA
75.7%
WATER/GROUNDGASTRODON
75.7%
WATER/FLYINGSWANNA
75.7%
POISON/WATERSKRELP
74.6%
WATER/POISONQWILFISH
74.3%
WATERAZUMARILL
73%
WATER/FLYINGDUCKLETT
73%
WATER/FIGHTINGKELDEO
73%
ROCK/WATERBINACLE
72.9%
ROCK/WATERBARBARACLE
72.9%
WATERMEGA BLASTOISE
72.9%
WATERBASCULIN
71.6%
ELECTRIC/WATERROTOM
71.6%
WATERBUIZEL
70.3%
WATER/GROUNDMEGA SWAMPERT
69.6%
WATERFLOATZEL
68.9%
WATERMANAPHY
68.9%
WATERALOMOMOLA
68.9%
WATER/ROCKTIRTOUGA
68.9%
WATERFINNEON
67.6%
WATER/ROCKCARRACOSTA
67.6%
WATERLUMINEON
66.2%
WATERPHIONE
66.2%
NORMAL/WATERBIBAREL
66.2%
WATER/DARKMEGA SHARPEDO
56.5%
WATERPANPOUR
54.1%
WATERSIMIPOUR
52.7%
WATER/PSYCHICMEGA SLOWBRO
52.2%
WATERCASTFORM
45.9%
Remove Ads.
Support Sporcle.
Get the best of Sporcle when you Go Orange. This ad-free experience offers more features, more stats, and more fun while also helping to support Sporcle. Thank you for becoming a member.

You're not logged in!

Compare scores with friends on all Sporcle quizzes.
OR
Log In

Show Comments

Extras

Created Oct 12, 2013ReportNominate
Tags:Pokémon Quiz, 1-5, gen, Water

Top Quizzes Today


Score Distribution

Your Account Isn't Verified!

In order to create a playlist on Sporcle, you need to verify the email address you used during registration. Go to your Sporcle Settings to finish the process.

Report this User

Report this user for behavior that violates our Community Guidelines.

Details: